000 01049nam a2200289 i 4500
003 DO-SdBNP
005 20230807145004.0
006 a||||fr|||| 00| 0
007 ta
008 110331e1947 dr 000 spa d
040 _aDO-SdBNP
_bspa
_cBNPHU
_erda
082 4 _222
_a345.729302
_bR426c
110 1 _aRepública Dominicana
_eautor
_9447
240 _aCódigo de procedimiento criminal.
_lspa
245 1 0 _aCódigo de procedimiento criminal de la República Dominicana:
_bleyes que lo modifican y lo completan. /
_cEdición preparado por: Darío Balcácer y Antonio Rosario
264 1 _aCiudad Trujillo :
_bMontalvo,
_c1947
300 _a155 páginas ;
_c23 cm
336 _2rdacontent
_atexto
_btxt
337 _2rdamedia
_asin mediación
_bn
338 _2rdacarreir
_avolumen
_bnc
500 _aIncluye bibliografía y notas al pie de páginas
500 _aIncluye concordancia
590 _aInventariado 2023 / MF
700 1 _aBalcácer, Darío,
_956912
_eeditor
700 1 _aRosario , Antonio
_922267
_eeditor
942 _2ddc
_cLBS1
999 _c26897
_d26897